|
|
|
|
| LEADER |
00000nab a2200000 ar4500 |
| 001 |
vtls009082339 |
| 003 |
SK-MaSNL |
| 005 |
20260303065735.0 |
| 008 |
070724c2007 xo mr|p|||||||000 b|slo |
| 015 |
|
|
|a SNBRB2007/07
|2 snkbucl
|
| 038 |
|
|
|a SNKBUCL
|
| 040 |
|
|
|a SNKBUCL
|b slo
|c SNKBUCL
|e AACR2
|
| 041 |
|
|
|a slo
|
| 044 |
|
|
|a xo
|c SK
|
| 080 |
|
|
|a 331.5
|2 1997
|
| 100 |
1 |
|
|a Blahová, Kvetoslava
|4 aut
|9 687710
|
| 245 |
1 |
0 |
|a Sezónne práce v zahraničí
|c Kvetoslava Blahová
|
| 300 |
|
|
|b Sch.
|
| 650 |
0 |
7 |
|a zamestnanie v zahraničí
|2 snkbucl
|9 69413
|
| 773 |
0 |
|
|t Sociálna politika a zamestnanosť
|g Č. 6 (2007), s. 4-5
|x 1336-5053
|
| 852 |
|
|
|a SNK
|b KIS3GCP
|
| 999 |
|
|
|c 1752464
|d 1754394
|